Generating transitio graphs from temporal integrity constraints expressed as patterned sentences /
Wedi'i Gadw mewn:
| Prif Awdur: | |
|---|---|
| Fformat: | Erthygl |
| Iaith: | Vietnamese |
| Tagiau: |
Ychwanegu Tag
Dim Tagiau, Byddwch y cyntaf i dagio'r cofnod hwn!
|
| Thư viện lưu trữ: | Thư viện Trường Đại học Đà Lạt |
|---|
| LEADER | 00786nam a2200253 4500 | ||
|---|---|---|---|
| 001 | DLU120143661 | ||
| 005 | ##20121109 | ||
| 040 | # | # | |a DLU |b vie |
| 041 | # | # | |a vie |
| 044 | # | # | |a vn |
| 100 | # | # | |a Pham Van Chung. |
| 245 | # | # | |a Generating transitio graphs from temporal integrity constraints expressed as patterned sentences / |c Pham Van Chung, Duong Tuan Anh. |
| 772 | # | # | |a Duong Tuan Anh |
| 773 | # | # | |t Nghiên cứu cơ bản và ứng dụng Công nghệ thông tin, |g 2006, tr. 129-140 |
| 920 | # | # | |a Phòng Tạp chí -- Trung tâm Thông tin - Thư viện Trường Đại học Đà Lạt |
| 994 | # | # | |a DLU |
| 900 | # | # | |a True |
| 911 | # | # | |a Nguyễn Thị Mai Anh |
| 925 | # | # | |a G |
| 926 | # | # | |a A |
| 927 | # | # | |a BB |
| 980 | # | # | |a Thư viện Trường Đại học Đà Lạt |